Score 0/24 Timer 05:00
0 Plays Today
Answer % Correct
It is in vain, sir,
98.5%
to extenuate the matter.
96.1%
Gentlemen may cry,
92.7%
peace, peace,
92.2%
but there is no peace.
92.2%
The war is actually begun!
90.2%
The next gale that sweeps
82.4%
from the north will
82%
bring to our ears
79%
the clash of resounding arms!
78.5%
Our brethren are already in the field!
75.1%
Why stand we here idle?
68.3%
Answer % Correct
What is it that gentlemen wish?
66.3%
What would they have?
63.9%
Is life so dear,
60%
or peace so sweet,
58.5%
as to be purchased at the
54.6%
price of chains and slavery?
54.1%
Forbid it, Almighty God!
49.3%
I know not what
48.3%
course others may take;
45.9%
but as for me,
45.4%
give me liberty
45.4%
or give me death!
45.4%
Come Together.
Have Fun.
All Virtual.
We all need to come together. Play Sporcle's virtual live trivia to have fun, connect with people, and get your trivia on. Join a live hosted trivia game for your favorite pub trivia experience done virtually. If a virtual private party is more your thing, go here for details.

You're not logged in!

Compare scores with friends on all Sporcle quizzes.
OR
Log In

Sporcle TV

Today on Sporcle TV


Watch our educational content, quiz creation guides, and fun videos on Sporcle TV.

Show Comments

Extras

Top Quizzes Today


Score Distribution

Paid Content

Your Account Isn't Verified!

In order to create a playlist on Sporcle, you need to verify the email address you used during registration. Go to your Sporcle Settings to finish the process.

Report this User

Report this user for behavior that violates our Community Guidelines.

Details: